Photo obscura : the photographic in post-photography /

"Photo Obscura brings a much-needed reflection on the radical transformations of photography in the digital age, where AI, computational media, and hybrid art practices challenge traditional definitions of the photographic image. Moving beyond nostalgia for analog or the simple embrace of digit...

Full description

Bibliographic Details
Main Author: Chuk, Natasha (Author)
Format: Book
Language:English
Published: Bristok, UK ; Chicago, USA : Intellect, 2025.
Series:Investigations of lens and screen arts
Subjects:

MARC

Tag First Indicator Second Indicator Subfields
LEADER 00000cam a2200000 i 4500
001 in00005670821
008 250729t20252025enka b 001 0 eng d
005 20251130200939.6
035 |a (OCoLC)on1479526203 
040 |a YDX  |b eng  |e rda  |c YDX  |d UKMGB  |d OCLCO  |d BDX  |d OCLCQ  |d YDX  |d QGJ  |d MTG 
020 |a 9781835951507 
020 |a 1835952860 
020 |a 9781835952863  |q paperback 
020 |a 1835951503 
024 8 |a CIPO000255806 
035 |a (OCoLC)1479526203 
041 0 |a eng 
050 4 |a TR267  |b .C48 2025 
082 0 4 |a 778.3  |2 23 
100 1 |a Chuk, Natasha,  |e author.  |4 aut  |1 https://id.oclc.org/worldcat/entity/E39PCjDfFrhqHkFwRFmGcGYtrq 
245 1 0 |a Photo obscura :  |b the photographic in post-photography /  |c Natasha Chuk. 
264 1 |a Bristok, UK ;  |a Chicago, USA :  |b Intellect,  |c 2025. 
264 4 |c ©2025. 
300 |a xviii, 198 pages :  |b illustrations (chiefly colour) ;  |c 25 cm. 
336 |a text  |b txt  |2 rdacontent 
336 |a still image  |b sti  |2 rdacontent 
337 |a unmediated  |b n  |2 rdamedia 
338 |a volume  |b nc  |2 rdacarrier 
490 0 |a Investigations of lens and screen arts 
504 |a Includes bibliographical references and index. 
520 |a "Photo Obscura brings a much-needed reflection on the radical transformations of photography in the digital age, where AI, computational media, and hybrid art practices challenge traditional definitions of the photographic image. Moving beyond nostalgia for analog or the simple embrace of digital, this book positions post-photography as a movement reshaping our visual culture. It is a movement in which images may no longer look like photographs but remain deeply influenced by photography's logic and history. Through discussions of key artworks and a variety of artists, the book explores themes including AI-generated imagery and the blurred line between representation and perception. Grounded in art history and media studies, Photo Obscura offers a new outlook on photography's evolving role in contemporary art. Particularly suited for students, artists, and scholars of photography, digital arts, and visual culture, this work redefines what it means to see and believe in an era of infinite images." -Back cover 
650 0 |a Photography  |x Digital techniques  |x Social aspects. 
650 0 |a Photography  |x Social aspects. 
650 6 |a Photographie numérique  |x Aspect social. 
650 7 |a Photography  |x Social aspects  |2 fast 
650 7 |a Photography  |x Digital techniques  |2 fast 
650 7 |a Photography  |2 fast 
710 2 |a Intellect (Firm),  |e publisher. 
852 8 |b POD  |z This title is available for the library to purchase for your use. Click the "Purchase It For Me" button to place a request. This item will take 5-10 business days to arrive. 
955 |a Print PDA title 
961 |m 565730 
999 f f |s 2460f098-33d4-4245-981e-6e00684e0a83  |i da0c4197-4f0f-4766-999e-f269f493b37e  |t 0 
952 f f |a Texas A&M University  |b College Station  |c Sterling C. Evans Library  |d Purchase on Demand  |t 0  |e TR267 .C48 2025  |h Library of Congress classification 
998 f f |a TR267 .C48 2025  |t 0  |l Purchase on Demand